Halsbury's laws of England: Lord Mackay of Clashfern: Lord High Chancellor of Great Britain (1987-97) vol 99. / (Record no. 5322)

MARC details
000 -LEADER
fixed length control field 01409nam a22001937a 4500
008 - FIXED-LENGTH DATA ELEMENTS--GENERAL INFORMATION
fixed length control field 150128b xxu||||| |||| 00| 0 eng d
022 ## - INTERNATIONAL STANDARD SERIAL NUMBER
International Standard Serial Number 9781405763868
050 ## - LIBRARY OF CONGRESS CALL NUMBER
Classification number KD310.H3413(5ed. vol.99)
245 ## - TITLE STATEMENT
Title Halsbury's laws of England: Lord Mackay of Clashfern: Lord High Chancellor of Great Britain (1987-97) vol 99. /
Statement of responsibility, etc. edited by Ian Pye
250 ## - EDITION STATEMENT
Edition statement 5ed. vol.6
260 ## - PUBLICATION, DISTRIBUTION, ETC.
Place of publication, distribution, etc. London:
Name of publisher, distributor, etc. Reed Elsevier,
Date of publication, distribution, etc. 2012.
300 ## - PHYSICAL DESCRIPTION
Extent 818p.:
Dimensions 24cm.
440 ## - SERIES STATEMENT/ADDED ENTRY--TITLE
Title Halsbury's laws of England lord mackay of clashfern lord high chancellor of great Britain(1987-97). /
Name of part/section of a work Value added tax, weghts and measures
Volume/sequential designation vol.99.
500 ## - GENERAL NOTE
General note Includes index.
505 ## - FORMATTED CONTENTS NOTE
Formatted contents note Contents: How to use Halsbury's laws of England -- References and abbreviations -- Table of statutes -- Table of statutory instruments -- Table of European Union legislation -- Tables cases -- Introduction -- Rate of value added tax -- The Charge to value added tax -- Exemptions and reliefs -- Special cases -- Accounting and assessment -- Diclosure of tax avoidance schemes -- Offences and penalities -- Enforcement and ancillary powers -- Appeals -- Weights and measures: Legislation -- Administration -- Units and standards of measurement -- Equipment for use for trade -- Public weighing or measuring equipment -- Transactions in goods -- Package goods -- Criminal proceedings.
700 ## - ADDED ENTRY--PERSONAL NAME
Personal name Francis Ward
700 ## - ADDED ENTRY--PERSONAL NAME
Personal name Amanda Willis.
942 ## - ADDED ENTRY ELEMENTS (KOHA)
Source of classification or shelving scheme Library of Congress Classification
Koha item type Books
Holdings
Withdrawn status Lost status Source of classification or shelving scheme Damaged status Not for loan Home library Current library Shelving location Date acquired Total Checkouts Full call number Barcode Date last seen Copy number Price effective from Koha item type
    Library of Congress Classification     WISCONSIN INTERNATIONAL UNIVERSITY COLLEGE, GHANA - MAIN LIBRARY WISCONSIN INTERNATIONAL UNIVERSITY COLLEGE, GHANA - MAIN LIBRARY Law Library 28/01/2015   KD310.H3413(5ed. vol.99) 2536/1536/15 28/01/2015 1 28/01/2015 Books

If you have any concerns or questions; kindly contact the library


© Powered by WIUC ICT DIRECTORATE